| 000 | 00789nam a2200253Ia 4500 | ||
|---|---|---|---|
| 003 | OSt | ||
| 005 | 20220918201326.0 | ||
| 006 | a|||||r|||| 00| 0 | ||
| 007 | ta | ||
| 008 | 220917b |||||||| |||| 00| 0 eng d | ||
| 024 | _a93,137 | ||
| 037 | _cTextual | ||
| 040 |
_aARTS _cARTS _beng |
||
| 041 |
_2eng _aeng |
||
| 082 | _aV1:58(X:3), L9 | ||
| 100 |
_aMeagher Robert F. _998139 |
||
| 245 | 0 |
_aInternational redistribution of wealth and power _b A study of the charter of economic rights and duties of states |
|
| 260 |
_aNew Delhi _bOxford and IBH _c1979 |
||
| 300 |
_axviii, 303p. _ccm. |
||
| 500 | _aBibliography p287--298; Appendix p189--212 (A--B) | ||
| 650 | _aHISTORY | ||
| 942 |
_hV1:58(X:3), L9 _cTEXL _2CC |
||
| 999 |
_c216785 _d216785 |
||